Spirit in the cities : (Record no. 9297)
[ view plain ]
| 000 -LEADER | |
|---|---|
| fixed length control field | 00701cam a22002054a 4500 |
| 001 - CONTROL NUMBER | |
| control field | 13591361 |
| 005 - DATE AND TIME OF LATEST TRANSACTION | |
| control field | 20260420152159.0 |
| 008 - FIXED-LENGTH DATA ELEMENTS--GENERAL INFORMATION | |
| fixed length control field | 040513s2004 mnu b 000 0 eng |
| 020 ## - INTERNATIONAL STANDARD BOOK NUMBER | |
| International Standard Book Number | 0800636821 |
| Qualifying information | pbk : alk. paper |
| 020 ## - INTERNATIONAL STANDARD BOOK NUMBER | |
| International Standard Book Number | 9780800636821 |
| Qualifying information | (pbk : alk. paper) |
| 050 00 - LIBRARY OF CONGRESS CALL NUMBER | |
| Classification number | BR115.C45 |
| Item number | S68 2004 |
| 082 00 - DEWEY DECIMAL CLASSIFICATION NUMBER | |
| Classification number | 270.8/3/091732 |
| Edition information | 22 |
| 245 00 - TITLE STATEMENT | |
| Title | Spirit in the cities : |
| Remainder of title | searching for soul in the urban landscape / |
| Statement of responsibility, etc. | Kathryn Tanner, editor. |
| 260 ## - PUBLICATION, DISTRIBUTION, ETC. | |
| Place of publication, distribution, etc. | Minneapolis, Minn. : |
| Name of publisher, distributor, etc. | Fortress Press, |
| Date of publication, distribution, etc. | c2004. |
| 300 ## - PHYSICAL DESCRIPTION | |
| Extent | xv, 144 p. ; |
| Dimensions | 22 cm. |
| 650 #0 - SUBJECT ADDED ENTRY--TOPICAL TERM | |
| Topical term or geographic name entry element | Cities and towns |
| General subdivision | Religious aspects |
| -- | Christianity. |
| 650 #0 - SUBJECT ADDED ENTRY--TOPICAL TERM | |
| Topical term or geographic name entry element | Theology, Doctrinal. |
| 700 1# - ADDED ENTRY--PERSONAL NAME | |
| Personal name | Tanner, Kathryn, |
| Dates associated with a name | 1957- |
| 942 ## - ADDED ENTRY ELEMENTS (KOHA) | |
| Source of classification or shelving scheme | Library of Congress Classification |
| Koha item type | Books |
| Suppress in OPAC | No |
| 999 ## - | |
| -- | 9297 |
| -- | 9297 |
| Withdrawn status | Lost status | Source of classification or shelving scheme | Damaged status | Not for loan | Collection | Home library | Current library | Shelving location | Date acquired | Total checkouts | Full call number | Barcode | Date last seen | Price effective from | Koha item type |
|---|---|---|---|---|---|---|---|---|---|---|---|---|---|---|---|
| Library of Congress Classification | Non-fiction | Main Library (Kumasi) | Main Library (Kumasi) | General stacks | 04/20/2026 | BR115.C45S68 SPI | bssk00000044 | 04/20/2026 | 04/20/2026 | Books |